Statistics for Colors of Candy Featured in 'Candy Crush Saga'

Click here to take the quiz!

General Stats

  • This quiz has been taken 742 times
  • The average score is 6 of 6

Answer Stats

Colour% Correct
Red
100%
Blue
99%
Green
99%
Yellow
98%
Orange
96%
Purple
96%

Score Distribution

Percentile by Number Answered

Percent of People with Each Score

Your Score History

You have not taken this quiz